Յերկեր / (Record no. 528959)
[ view plain ]
| 000 -LEADER | |
|---|---|
| fixed length control field | 00807nam a2200217 a 4500 |
| 001 - CONTROL NUMBER | |
| control field | 000256614 |
| 003 - CONTROL NUMBER IDENTIFIER | |
| control field | AM-YEHGA |
| 005 - DATE AND TIME OF LATEST TRANSACTION | |
| control field | 20250618080127.0 |
| 008 - FIXED-LENGTH DATA ELEMENTS--GENERAL INFORMATION | |
| fixed length control field | 030829s1937 ai |||||r|||||||||1|arm|d |
| 040 ## - CATALOGING SOURCE | |
| Original cataloging agency | AM-YeHGA |
| 041 0# - LANGUAGE CODE | |
| Language code of text/sound track or separate title | arm |
| 090 ## - LOCALLY ASSIGNED LC-TYPE CALL NUMBER (OCLC); LOCAL CALL NUMBER (RLIN) | |
| -- | 567281 |
| 100 1# - MAIN ENTRY--PERSONAL NAME | |
| Personal name | Արազի, Մովսես, |
| Dates associated with a name | 1878-1964 |
| 9 (RLIN) | 972 |
| 245 10 - TITLE STATEMENT | |
| Title | Յերկեր / |
| Statement of responsibility, etc. | Արազի. |
| 260 ## - PUBLICATION, DISTRIBUTION, ETC. | |
| Place of publication, distribution, etc. | Յերևան : |
| Name of publisher, distributor, etc. | Պետհրատ, |
| Date of publication, distribution, etc. | 1937. |
| 300 ## - PHYSICAL DESCRIPTION | |
| Extent | հատոր ; |
| Dimensions | 22 սմ. |
| 505 10 - FORMATTED CONTENTS NOTE | |
| Miscellaneous information | Հ. 1 (1937, 476 էջ) : |
| Title | [Արձակ բանաստեղծություններ և նովելներ, պատմվածքներ, վիպակներ] |
| 650 14 - SUBJECT ADDED ENTRY--TOPICAL TERM | |
| Topical term or geographic name entry element | Հայ գրականություն |
| General subdivision | Երկեր |
| 856 41 - ELECTRONIC LOCATION AND ACCESS | |
| Uniform Resource Identifier | <a href="https://arar.sci.am/dlibra/publication/394752/edition/365199/content">https://arar.sci.am/dlibra/publication/394752/edition/365199/content</a> |
| Link text | Կարդալ առցանց Հ. 1 |
| 942 ## - ADDED ENTRY ELEMENTS (KOHA) | |
| Source of classification or shelving scheme | Universal Decimal Classification |
| Koha item type | Գրքեր / Books |
| Withdrawn status | Lost status | Damaged status | Not for loan | Collection | Home library | Current library | Date acquired | Serial enumeration / chronology | Total checkouts | Full call number | Barcode | Date last seen | Price effective from | Koha item type | Public note |
|---|---|---|---|---|---|---|---|---|---|---|---|---|---|---|---|
| General | Fundamental Scientific Library | Fundamental Scientific Library | 08/11/2023 | Հ. 1 | AII/26902 | 220026902 | 08/11/2023 | 08/11/2023 | Գրքեր / Books | 30 Days Loan |
ՀՀ Գիտությունների ազգային ակադեմիայի հիմնարար գիտական գրադարան = Fundamental Scientific Library of NAS RA
All site content, except where otherwise noted, is licensed under a